Sports Quiz

Random Sports or MLB Quiz

MLB Active Leaders in Hits, RBIs, and HRs Quiz Stats

 Plays Quiz not verified by Sporcle

Challenge
Share
Tweet
Embed
Score 0/225 Timer 14:00
0 Plays Today
Player % Correct
Derek Jeter
99.6%
Ivan Rodriguez
99.6%
Ivan Rodriguez
99.6%
Derek Jeter
99.6%
Ivan Rodriguez
99.6%
Derek Jeter
99.6%
Alex Rodriguez
99.4%
Alex Rodriguez
99.4%
Alex Rodriguez
99.4%
Jim Thome
97.3%
Jim Thome
97.3%
Jim Thome
97.3%
Albert Pujols
96.5%
Albert Pujols
96.5%
Albert Pujols
96.5%
Chipper Jones
95.9%
Andruw Jones
95.9%
Chipper Jones
95.9%
Andruw Jones
95.9%
Chipper Jones
95.9%
Andruw Jones
95.9%
Aramis Ramirez
95.3%
Aramis Ramirez
95.3%
Aramis Ramirez
95.3%
Ryan Howard
93%
Ryan Howard
93%
Carlos Lee
92%
Derrek Lee
92%
Carlos Lee
92%
Derrek Lee
92%
Carlos Lee
92%
Derrek Lee
92%
Paul Konerko
91.4%
Paul Konerko
91.4%
Paul Konerko
91.4%
David Ortiz
90.7%
David Ortiz
90.7%
David Ortiz
90.7%
Adam Dunn
90.1%
Adam Dunn
90.1%
Adam Dunn
90.1%
Prince Fielder
89.7%
Prince Fielder
89.7%
Vladimir Guerrero
89.3%
Ichiro!
89.3%
Orlando Cabrera
89.3%
Miguel Cabrera
89.3%
Vladimir Guerrero
89.3%
Miguel Cabrera
89.3%
Orlando Cabrera
89.3%
Ichiro!
89.3%
Vladimir Guerrero
89.3%
Miguel Cabrera
89.3%
Alex Gonzalez
88.1%
Adrian Gonzalez
88.1%
Adrian Gonzalez
88.1%
Alex Gonzalez
88.1%
Chase Utley
87.7%
Todd Helton
87.7%
Alfonso Soriano
87.7%
Chase Utley
87.7%
Todd Helton
87.7%
Alfonso Soriano
87.7%
Todd Helton
87.7%
Alfonso Soriano
87.7%
Chase Utley
87.7%
Michael Young
87.2%
Michael Young
87.2%
Michael Young
87.2%
Jimmy Rollins
87%
Lance Berkman
87%
Lance Berkman
87%
Jimmy Rollins
87%
Lance Berkman
87%
Jimmy Rollins
87%
Player % Correct
Carlos Beltran
86.8%
Carlos Beltran
86.8%
Carlos Beltran
86.8%
Adrian Beltre
86.6%
David Wright
86.6%
Adrian Beltre
86.6%
David Wright
86.6%
Adrian Beltre
86.6%
David Wright
86.6%
Jason Giambi
85.8%
Jason Giambi
85.8%
Jason Giambi
85.8%
Johnny Damon
84.4%
Mark Teixeira
84.4%
Mark Teixeira
84.4%
Mark Teixeira
84.4%
Johnny Damon
84.4%
Matt Holliday
83.3%
Matt Holliday
83.3%
Matt Holliday
83.3%
Jorge Posada
82.7%
Jorge Posada
82.7%
Jorge Posada
82.7%
Torii Hunter
82.3%
Torii Hunter
82.3%
Travis Hunter
82.3%
Torii Hunter
82.3%
Omar Vizquel
81.5%
Omar Vizquel
81.5%
Ryan Braun
81.5%
Robinson Cano
80.7%
Robinson Cano
80.7%
Robinson Cano
80.7%
Magglio Ordonez
78.4%
Magglio Ordonez
78.4%
Magglio Ordonez
78.4%
Justin Morneau
78%
Justin Morneau
78%
Miguel Tejada
76.5%
Miguel Tejada
76.5%
Miguel Tejada
76.5%
Carl Crawford
76.1%
Carl Crawford
76.1%
Bobby Abreu
75.3%
Scott Rolen
75.3%
Victor Martinez
75.3%
Bobby Abreu
75.3%
Scott Rolen
75.3%
Victor Martinez
75.3%
Scott Rolen
75.3%
Bobby Abreu
75.3%
Victor Martinez
75.3%
Vernon Wells
74.7%
Vernon Wells
74.7%
Vernon Wells
74.7%
Raul Ibanez
73.5%
Raul Ibanez
73.5%
Raul Ibanez
73.5%
Jason Bay
72.8%
Jason Bay
72.8%
Jose Reyes
72.2%
Curtis Granderson
72.2%
Carlos Pena
72%
Carlos Pena
72%
J.D. Drew
70.8%
J.D. Drew
70.8%
J.D. Drew
70.8%
Jason Varitek
70.2%
Jason Varitek
70.2%
Travis Hafner
70%
Grady Sizemore
67.7%
Jayson Werth
67.5%
Eric Chavez
67.1%
Eric Chavez
67.1%
Eric Chavez
67.1%
Player % Correct
Jose Bautista
67.1%
Nick Swisher
66.7%
Nick Swisher
66.7%
Mark Reynolds
65.4%
Edgar Renteria
65%
Edgar Renteria
65%
Edgar Renteria
65%
Aubrey Huff
63.4%
Aubrey Huff
63.4%
Aubrey Huff
63.4%
Dan Uggla
63.2%
Pat Burrell
63%
Pat Burrell
63%
Pat Burrell
63%
Juan Pierre
62.6%
Placido Polanco
60.3%
Placido Polanco
60.3%
59.1%
Brian McCann
58.2%
Hideki Matsui
53.3%
Hideki Matsui
53.3%
Michael Cuddyer
53.3%
Hideki Matsui
53.3%
Michael Cuddyer
53.3%
Rafael Furcal
51.9%
Brian Roberts
51.6%
Brandon Inge
51.4%
Brandon Inge
51.4%
Mike Cameron
49.4%
Mike Cameron
49.4%
Mike Cameron
49.4%
Melvin Mora
48.4%
Ramon Hernandez
48.4%
Melvin Mora
48.4%
Ramon Hernandez
48.4%
Melvin Mora
48.4%
Ramon Hernandez
48.4%
Chone Figgins
43.2%
Carlos Guillen
42.8%
Carlos Guillen
42.8%
Matt Stairs
40.3%
Matt Stairs
40.3%
Matt Stairs
40.3%
A.J. Pierzynski
39.7%
A.J. Pierzynski
39.7%
Jack Wilson
39.3%
Adam LaRoche
39.1%
Adam LaRoche
39.1%
Alexis Rios
38.5%
Aaron Rowand
37.2%
Aaron Rowand
37.2%
Casey Blake
36.2%
Casey Blake
36.2%
Casey Blake
36.2%
Felipe Lopez
34.6%
Lyle Overbay
29.4%
Lyle Overbay
29.4%
Orlando Hudson
27.2%
Russell Branyan
27.2%
Juan Uribe
26.3%
Juan Uribe
26.3%
Jaun Uribe
26.3%
Jhonny Peralta
23.7%
Mark Kotsay
20.4%
Mark Kotsay
20.4%
Adam Kennedy
19.8%
Pedro Feliz
19.8%
Pedro Feliz
19.8%
Ty Wigginton
17.1%
Craig Counsell
14.8%
Julio Lugo
14%
Ronnie Belliard
11.9%
Ronnie Belliard
11.9%
Alex Gonalez
4.3%
Jason Varitrek
3.1%

You're not logged in!

Compare scores with friends on all Sporcle quizzes.
OR
Log In

You Might Also Like...

Show Comments

Extras

Top Quizzes Today


Score Distribution

Your Account Isn't Verified!

In order to create a playlist on Sporcle, you need to verify the email address you used during registration. Go to your Sporcle Settings to finish the process.

Report this User

Report this user for behavior that violates our Community Guidelines.

Details: